|
|
|
|
| LEADER |
00000cam a2200000 7i4500 |
| 001 |
0000005570 |
| 002 |
000006022 |
| 005 |
20071224.0 |
| 020 |
|
|
|a 1854224255
|
| 090 |
0 |
0 |
|a JF
|b LIT
|
| 245 |
0 |
4 |
|a The little mermaid
|c illustrated by Van Gool
|
| 260 |
|
|
|a Leicester :
|b Magna Books ,
|c 1992
|
| 300 |
|
|
|a 60p. :
|b ill. ;
|c 29cm.
|
| 490 |
0 |
|
|a A magna fairy tale classic
|
| 650 |
0 |
0 |
|a Children's stories
|
| 700 |
1 |
|
|a Gool, Van ,
|e illustrated
|
| 999 |
|
|
|a 029073
|b BUKU
|c PINJAMAN
|e PERPUSTAKAAN KOMUNITI PETALING JAYA
|
| 999 |
|
|
|a 057317
|b BUKU
|c PINJAMAN
|e PERPUSTAKAAN KOMUNITI PETALING JAYA
|
| 999 |
|
|
|a 057318
|b BUKU
|c PINJAMAN
|e PERPUSTAKAAN KOMUNITI PETALING JAYA
|
| 999 |
|
|
|a 057319
|b BUKU
|c PINJAMAN
|e PERPUSTAKAAN KOMUNITI PETALING JAYA
|